| 000 | 00000nam 2200000za 4500 |
| 001 | 9.582457 |
| 003 | CaOODSP |
| 005 | 20210624192048 |
| 007 | cr ||||||||||| |
| 008 | 150406s2002 xxc|||||o f|0| 0 eng d |
| 020 | |a0-660-62198-3 |
| 040 | |aCaOODSP|beng |
| 041 | |aeng |
| 041 | |afre |
| 043 | |an-cn--- |
| 086 | 1 |aS52-2/251-2-2002-IN |
| 110 | 1 |aCanada. |bPublic Works and Government Services Canada. |bTranslation Bureau. |
| 245 | 10|aE-learning glossary |h[electronic resource] / |c[by] Silvia Pavel. |
| 260 | |aOttawa : |bPublic Works and Government Services Canada, |c2002. |
| 300 | |a266 p. |
| 490 | 1 |aTerminology bulletin ; |vNo. 251 |
| 500 | |a"...contains over a thousand specialized terms in each official language." -- Introd. |
| 504 | |aBibliography. |
| 590 | |a07-04-Supp|b2007-06-29 |
| 690 | 07|aTerminology|2gcpds |
| 700 | 1 |aPavel, Silvia. |
| 792 | |tLexique de l'apprentissage en ligne |efre|w(CaOODSP)9.582458 |
| 830 | #0|aTerminology bulletin ;|vNo. 251|w(CaOODSP)9.500139 |
| 856 | 40|ahttp://publications.gc.ca|qPDF|s569 KB|uhttps://publications.gc.ca/collections/Collection/S52-2-251.pdf|yNo. 251 |